[Event "Biel GM 41st"]
[Site "Biel"]
[Date "2008.07.24"]
[Round "4"]
[White "Onischuk, Alexander"]
[Black "Carlsen, Magnus"]
[Result "1/2-1/2"]
[WhiteElo "2670"]
[BlackElo "2775"]
[PlyCount "77"]
[EventDate "2008.07.20"]
[EventType "tourn"]
[EventRounds "10"]
[EventCountry "SUI"]
[EventCategory "18"]
[SourceTitle "CBM 126"]
[Source "ChessBase"]
[SourceDate "2008.10.01"]
[SourceVersion "1"]
[SourceVersionDate "2008.10.01"]
[SourceQuality "1"]

1. d4 d5 2. c4 c6 3. Nf3 Nf6 4. Nc3 dxc4 5. a4 Bf5 6. e3 e6 7. Bxc4 Bb4 8. O-O Nbd7 9. Qe2 Bg4 10. h3 Bxf3 11. Qxf3 O-O 12. Rd1 e5 13. d5 Bxc3 14. dxc6 e4 15. Qe2 Be5 16. cxd7 Qe7 17. Ra2 Rfd8 18. b3 Rxd7 19. Rxd7 Qxd7 20. Rd2 Qe7 21. Rd1 h6 22. Qa2 $146 ({RR} 22. Bd2 Rc8 23. Qe1 Rd8 24. Bc1 Rc8 25. Qa5 Re8 26. Qxa7 Rd8 27. Rxd8+ Qxd8 28. Bf1 Qd1 29. Qc5 Nd7 30. Qc8+ Kh7 31. Qxb7 f5 32. Qc6 Bf6 33. Ba3 Ne5 34. Qe6 Kg6 35. Bb2 Nd7 36. a5 Kg5 {L'Ami,E (2617)-Hector,J (2537) Malmo 2007 1-0 (40)}) 22... Rd8 23. Rxd8+ Qxd8 24. Qd2 Qe7 25. Qa5 b6 26. Qd2 a5 27. Bb2 Bxb2 28. Qxb2 Kf8 29. Qd4 Qc7 30. Kf1 Ke7 31. Ke2 g5 32. g3 Qc5 33. Qxc5+ bxc5 34. f4 Ne8 35. g4 Nd6 36. Bd5 Kf6 37. Kf2 Kg6 38. Kg3 f6 39. Be6 1/2-1/2

[Event "Biel GM 41st"]
[Site "Biel"]
[Date "2008.07.26"]
[Round "6"]
[White "Pelletier, Yannick"]
[Black "Carlsen, Magnus"]
[Result "0-1"]
[WhiteElo "2569"]
[BlackElo "2775"]
[Annotator "Carlsen,Magnus"]
[PlyCount "80"]
[EventDate "2008.07.20"]
[EventType "tourn"]
[EventRounds "10"]
[EventCountry "SUI"]
[EventCategory "18"]
[SourceTitle "CBM 126"]
[Source "ChessBase"]
[SourceDate "2008.10.01"]
[SourceVersion "1"]
[SourceVersionDate "2008.10.01"]
[SourceQuality "1"]

1. d4 {Postny,Evgeny Aronian,Levon} Nf6 2. Nf3 e6 3. c4 b6 4. g3 Ba6 5. b3 Bb4+ 6. Bd2 Be7 7. Bg2 d5 {I wanted to play for a win. I don't know about Yannick's intentions, but anyway 7...c6 wasn't satisfactory. Ich wollte auf Gewinn spielen. Ich weiß nicht, wie es um Yannicks Absichten bestellt war, aber so oder so war 7...c6 jedenfalls nicht zufriedenstellend.} ({RR} 7... c6 8. Bc3 d5) 8. cxd5 exd5 9. Nc3 O-O 10. O-O Bb7 11. Rc1 Nbd7 {The normal way to treat these positions is to put the knight on a6, from where it can be transferred to e6 via c7 after having played ...c5. The text move was played by Leko against van Wely in Dortmund. The knight will still usually go to e6, in this case via f8.  Die normale Behandlungsweise dieser Stellungen besteht darin, den Springer nach a6 zu stellen, von wo er nach ...c5 über c7 nach e6 überführt werden kann. Der Textzug wurde von Leko gegen van Wely in Dortmund gespielt. Der Springer wird meist trotzdem nach e6 gehen, in diesem Fall über f8.} 12. Bf4 {With the knight on d7 it is better to put the pawn on c6, because d5 would be weaker than with the knight on a6, and in addition the c7-square would not be covered in case of an eventual b5. Mit dem Springer auf d7 ist es besser, den Bauern nach c6 zu stellen, denn ohne den Springer auf a6 wäre d5 schwächer, und außerdem wäre im Fall eines eventuellen b5 das Feld c7 nicht gedeckt.} ({RR} 12. Qc2 Re8 13. Rfd1 c6 14. Ne1 Nf8 15. Bg5 ({RR} 15. e4 dxe4 16. Nxe4 Ne6) 15... Ne6 16. Bxf6 Bxf6 17. e3 a5 18. Nd3 Be7 19. Rb1 Ba3 ({RR} 19... Bd6) 20. b4 axb4 21. Nxb4 Qe7 22. Qb3 Ra7 ({RR} 22... b5 23. e4 ({RR} 23. Nc2 Reb8) 23... dxe4 24. Bxe4 Bxb4 25. Qxb4 Qxb4 26. Rxb4 Red8 27. Nxb5 Rxa2 28. Nc3 Ra3 29. Rxb7 Rxc3) 23. Nc2 b5 ({RR} 23... Bd6 24. Qxb6 Ba8) 24. Bxd5 cxd5 25. Nxb5 Ra6 26. Nbxa3 Bc8 {Grischuk,A (2719)-Leko,P (2747) Elista 2008 CBM 128 [Postny,Evgeny] 1-0 (39)}) ({RR} 12. Nh4 Re8 13. Nf5 Ba3 14. Rc2 c6 15. Bf4 Nf8 16. Bc1 Bxc1 17. Qxc1 g6 18. Nh4 Ne6 19. Nf3 Qe7 20. e3 Rad8 21. Rd1 c5 22. Na4 c4 23. Nc3 a6 24. a4 Qb4 25. Nd2 cxb3 26. Rb2 Rc8 {Gu,X (2218)-Yu,S (1973) Ji'an CHN 2025 1-0 (46)}) 12... c6 13. Qc2 Re8 14. Rcd1 {The idea of this slightly weird-looking move is to play e5, when the rook would be well placed on d1. However, after Black's response, e5 will not really have the desired effect, and White will have to change plans. Still the move cannot really be called a mistake, as nothing much is happening here anyway, and a tempo loss isn't that serious. Die Idee dieses etwas seltsam wirkenden Zuges ist, e5 zu spielen, wonach der Turm auf d1 gut stände. Doch nach der schwarzen Erwiderung wird e5 eindeutig nicht den gewünschten Effekt haben, und Weiß wird umdenken müssen. Trotzdem ist der Zug nicht wirklich als Fehler zu bezeichnen, da sowieso nicht viel los ist und ein Tempoverlust nicht so tragisch ausfällt.} ({RR} 14. Qb2 Nf8 15. b4 Ne6 16. Be3 Bd6 17. a4 Qe7 18. Rb1 a6 19. Bd2 Rab8 20. e3 c5 21. bxc5 bxc5 22. Qa2 g6 23. dxc5 Bxc5 24. Ne2 Ne4) 14... Bb4 $146 ({RR} 14... Nh5 15. Kh1 ({RR} 15. Bc1 Bb4 16. e3 Nhf6) 15... Bb4 16. e3 Qe7 ({RR} 16... h6 17. Ne2 g5 18. g4 Nxf4 ({RR} 18... Nhf6 19. Bg3 Nxg4 20. h3 Ngf6 21. Ne5) ({RR} 18... gxf4 19. gxh5 fxe3 20. Bh3) 19. exf4 Ba6 20. Ng3 Bxf1 21. Bxf1 gxf4 22. Nf5) 17. Ne2 h6 ({RR} 17... Ba6 18. Rg1 Qe4 19. Qb2 Qe6 ({RR} 19... Bxe2 20. Qxe2 Nxf4 21. gxf4 Qxf4 22. Ne5 Rxe5 23. dxe5 Qxe5 24. Bxd5 cxd5 25. Qg4 Bd6 26. Qg2) 20. Ne5 Nhf6) 18. Ne5 Nxe5 19. dxe5 g5 ({RR} 19... f6 20. Bf3 Nxf4 21. exf6 Qxf6 22. gxf4) 20. Nd4 gxf4 ({RR} 20... Ng7 21. Nxc6 Qc5 22. Qxc5 Bxc5 23. Bxd5 a5) 21. gxf4 Ng7 22. Rg1 Kh8 23. Bf3 ({RR} 23. Bxd5 cxd5 24. Rxg7 Kxg7 25. Nf5+ Kh8 26. Nxe7 Rxe7) 23... Rg8 24. Rg3 Ne6 ({RR} 24... Qd7 25. Rdg1 Ne6 26. Qf5 Rxg3 27. Rxg3 Qe7 28. Rh3) 25. Rh3 ({RR} 25. Nf5 Rxg3 26. Nxe7 Rxf3 27. Ng6+) 25... Rg6 26. Nf5 ({RR} 26. f5 Ng5 27. Rh4 c5 28. fxg6 cxd4) ({RR} 26. Nxe6 Rxe6 27. f5) 26... Qf8 ({RR} 26... Qc5 27. Qb1) 27. Bh5 Kh7 28. Nxh6 Qxh6 29. Rg1 {Aronian,L (2693)-Huzman,A (2577) Warsaw 2005 CBM 108 [Aronian,Levon] 1-0 (61)}) ({RR} 14... Nf8 15. e4 Nxe4 16. Nxe4 dxe4 17. Qxe4 Bb4 18. Qf5) 15. Bd2 (15. Ne5 Nxe5 16. Bxe5 (16. dxe5 Ng4) 16... Nd7 {fails to impress. vermag nicht zu beeindrucken.}) ({RR} 15. Rfe1) 15... Rc8 16. Qb2 Qe7 17. Rfe1 Qf8 {A totally unnecessary move, as e4 xc3 exd5 will probably never really be an issue. However, since my opponent had already consumed a lot of time, and didn't seem to have found a plan, I thought it might be a good idea to just wait and see. Ein total unnötiger Zug, da e4 xc3 exd5 wahrscheinlich nie wirklich ein Thema sein wird. Aber da mein Gegner bereits eine Menge Zeit verbraucht hatte und keinen Plan gefunden zu haben schien, hielt ich es für eine gute Idee, einfach abzuwarten.} 18. Bh3 Rcd8 19. Qc2 h6 $5 ({The normal Das normale} 19... Ne4 20. Nxe4 dxe4 21. Bxd7 Rxd7 22. Bxb4 Qxb4 23. Ne5 Rxd4 24. Nxc6 Bxc6 25. Qxc6 Red8 26. Rxd4 $1 {is obviously fine for Black, but not especially interesting. I wanted to keep the pieces on the board! ist offensichtlich in Ordnung für Schwarz, aber nicht sonderlich interessant. Ich wollte die Figuren auf dem Brett behalten!}) 20. Nh4 {Probably a good move, even if this is what I wanted to provoke with my previous move. The knight looks nice on f5, but it is also a bit loose. Wahrscheinlich ein guter Zug, auch wenn ich genau dies mit meinem vorigen Zug provozieren wollte. Der Springer sieht gut aus auf f5, hängt aber auch ein bisschen in der Luft.} c5 21. Nf5 a6 {I felt that I had to cover the b5-square, and this certainly felt more natural than the computer suggestion of a6. Ich spürte, dass ich das Feld b5 decken musste, und dies fühlte sich gewiss natürlicher an als der Computervorschlag a6.} 22. Qb2 Bxc3 {I decided that it was time to ease the pressure. Ich beschloss, dass es Zeit war, den Druck zu lindern.} ({Rybka's suggestion of Rybkas Vorschlag} 22... cxd4 23. Nxd4 Ne5 {with nice piece play as compensation for the isolated pawn is probably also fine. mit schönem Figurenspiel als Kompensation für den isolierten Bauern ist wahrscheinlich auch gut.}) 23. Bxc3 Ne4 24. dxc5 Nxc3 25. Qxc3 bxc5 26. Qa5 Nf6 27. Qb6 $2 {The critical moment in the game. Pelletier got too excited and missed a simple tactic, after which the white pieces are suddenly loose, and soon everything falls apart. Der kritische Moment in der Partie. Pelletier wurde zu aufgeregt und übersah eine einfache taktische Wendung, wonach die weißen Figuren plötzlich in der Luft hängen, und bald fällt alles auseinander.} (27. Rc1 Ne4 28. Bg2 Bc8 {or oder}) (27. Bg2 {would have led to a normal position, where Black has a weak pawn pair in the centre, but should have sufficient dynamic counterplay, often connected with the ideas of d4 and e4. hätte zu einer normalen Stellung geführt, wo Schwarz ein schwaches Bauernpaar im Zentrum verfügt, aber genügend dynamisches Gegenspiel haben sollte, oft verbunden mit den Ideen d4 und e4.}) 27... Bc8 $1 28. Kg2 (28. Nxh6+ gxh6 29. Bxc8 Rd6 $1 {is what Pelletier had missed. ist, was Pelletier übersehen hatte.}) (28. f3 Be6 29. e4 g6 30. g4 {is a slightly better chance according to Rybka, but I will refrain from taking this varation any further, as I guess neither of us calculated this, and the position really confuses me. Anyway, Black must be winning here. ist eine etwas bessere Chance laut Rybka, aber ich werde darauf verzichten, diese Variante weiter auszuführen, da m.E. keiner von uns dies berechnet hatte und mich außerdem die Stellung wirklich verwirrt. So oder so, Schwarz muss hier auf Gewinn stehen.}) 28... Ne4 29. f3 Ng5 (29... Nc3 {was another interesting possibilty, which I in the end rejected because after war eine weitere interssante Möglichkeit, welche ich am Ende verwarf, weil ich nach} 30. Rd3 (30. Rd2 d4 {with ...d5 to come is deadly. nebst ...d5 ist tödlich.}) 30... Nxe2 31. Re3 Bxf5 32. R3xe2 Rxe2+ 33. Rxe2 Bd3 {I would "only" be a pawn up. "nur" einen Bauer mehr hätte.}) 30. g4 h5 {The most effective. Am effektivsten.} 31. Rc1 g6 $6 (31... Nxh3 {was more accurate. My choice in the game was based on an oversight. war genauer. Meine Wahl in der Partie fusst auf einem Versehen..} 32. Kxh3 hxg4+ 33. fxg4 g6 34. Ng3 Qh6+ 35. Kg2 Bxg4 {would transpose to the game. würde zur Partie führen.}) 32. Ng3 Nxh3 (32... Qh6 {was my intention, but this fails to war meine Absicht, dies scheitert aber an} 33. Nxh5 (33. Nf5 {is also reasonable. ist ebenfalls vernünftig.}) 33... Nxh3 34. Nf6+) 33. Kxh3 hxg4+ 34. fxg4 $6 (34. Kg2 {was a better chance, even if Black is nearly winning anyway. war eine bessere Chance, auch wenn Schwarz trotzdem nahezu auf Gewinn steht.}) 34... Qh6+ 35. Kg2 Bxg4 36. Qxc5 {Losing immediately, but it was hard to suggest anything reasonable anyway. Verliert auf der Stelle, aber es war auch schwer, etwas Vernünftiges vorzuschlagen.} Re3 $2 (36... Rc8 {is the most obvious move, and I tried for a while to find a forced win after it. Unfortunately the right solution ist der offensichtlichste Zug, und ich versuchte eine Weile, danach einen forcierten Gewinn zu finden. Leider kam mir die richtige Lösung} 37. Qa3 Rxe2+ $1 38. Nxe2 (38. Rxe2 Rxc1 $19) 38... Qh3+ 39. Kf2 Qf3+ 40. Kg1 Qe3+ 41. Kg2 Bh3+ {with mate never crossed my mind. nebst Matt niemals in den Sinn.}) 37. Qd4 {In serious time-trouble Pelletier allows a combination. It has to be said that White was in serious trouble anyway though. In ernster Zeitnot lässt Pelletier eine Kombination zu. Dazu ist zu sagen, dass Weiß sowieso in großen Schwierigkeiten steckte.} (37. Kg1 {is what I considered the best defence, after which I planned hielt ich für die beste Verteidigung, wonach ich} Rc8 38. Qa3 Rce8 {which should still give Black a practically winning advantage. plante, was Schwarz noch immer einen praktisch gewinnbringenden Vorteil geben sollte.}) 37... Qh3+ 38. Kg1 Rxg3+ 39. hxg3 Qxg3+ 40. Kh1 Bf5 {Pelletier resigned because of Pelletier gab auf wegen} (40... Bf5 41. Red1 Qg5 $1 {protecting d8 in case of xe4. The decisive e4 will now follow. , was d8 deckt für den Fall von xe4. Das entscheidende e4 wird nun folgen.}) 0-1

[Event "Grand Slam Final 1st"]
[Site "Bilbao"]
[Date "2008.09.04"]
[Round "3"]
[White "Carlsen, Magnus"]
[Black "Topalov, Veselin"]
[Result "0-1"]
[WhiteElo "2775"]
[BlackElo "2777"]
[Annotator "Krasenkow,Michal"]
[PlyCount "112"]
[EventDate "2008.09.02"]
[EventType "tourn"]
[EventRounds "10"]
[EventCountry "ESP"]
[EventCategory "21"]
[SourceTitle "CBM 126"]
[Source "ChessBase"]
[SourceDate "2008.10.01"]
[SourceVersion "1"]
[SourceVersionDate "2008.10.01"]
[SourceQuality "1"]

1. d4 Nf6 2. c4 e6 3. Nf3 d5 4. Nc3 Be7 5. Bg5 h6 6. Bh4 O-O 7. e3 b6 8. Bd3 Bb7 9. O-O Nbd7 10. Bg3 c5 11. cxd5 Nxd5 12. Nxd5 Bxd5 13. e4 (13. Rc1 {- see Gelashvili-Lputian in CBM 104.}) (13. Qe2) ({RR} 13. Qe2 cxd4 14. Nxd4 Bf6 15. Rfd1 Bxd4 16. exd4 Nb8 17. Rac1 Nc6 18. Bb5 Rc8 19. Rc3 Ne7 20. Ba6 Rxc3 21. bxc3 Nf5 22. Bf4 Qh4 23. Bc1 Rd8 24. f3 Rd7 25. Bd3 Rc7 26. Bd2 Qd8 27. Rc1 Qf6 {Nakamura,H (2798)-So,W (2788) Saint Louis 2015 ½-½ (56)}) 13... Bb7 14. Rc1 a6 $5 $146 {[%cal Rb6b5][%mdl 8] Veselin Topalov deviates from his own game against Kasimdzhanov.} (14... Nf6 {is usually played, with quite a decent position for Black:} 15. Qe2 (15. dxc5 Bxc5 16. Qe2 Nh5 17. Be5 a5 18. Rfd1 Qe7 19. a3 Rfd8 20. h3 Nf6 21. Nd2 a4 22. Bb1 Rac8 23. Nf3 Rxd1+ 24. Rxd1 Rd8 {1/2 Kasimdzhanov,R (2690)-Topalov,V (2769)/Vitoria Gasteiz 2007/CBM 121 (46)}) 15... Nh5 (15... Rc8 16. dxc5 Rxc5 17. Rxc5 Bxc5 18. Bh4 Qc7 19. Bxf6 gxf6 $13 {0-1 Simeonidis,I (2261)-Kosintseva,N (2480)/Kusadasi 2006/CBM 111 ext (28)}) 16. Rfd1 Nxg3 17. hxg3 cxd4 18. Ba6 Bxa6 19. Qxa6 Rc8 $11 ({but not} 19... e5 $2 20. Nxe5 Bf6 21. Nc6 Qe8 22. e5 $16 {1-0 Danner,G (2408)-Upton,T (2250)/Gothenburg 2005/CBM 109 (48)})) (14... cxd4 $143 15. Bc7 Qe8 16. Nxd4 Nc5 17. Bb5 Qc8 18. Be5 f6 19. Bf4 $14 {1-0 Banikas,H (2571)-Tassopoulos,M (2271)/Kallithea Halkidiki GRE 2008/The Week in Chess 714 (24)}) ({RR} 14... Nf6 15. dxc5 Bxc5 16. Qe2 Nh5 17. Be5 a5 18. Rfd1 Qe7 19. a3 Rfd8 20. h3 Nf6 21. Nd2 a4 22. Bb1 Rac8 23. Nf3 Rxd1+ 24. Rxd1 Rd8 25. Re1 Bc6 26. Bc3 Qe8 27. Ne5 Bb5 28. Qf3 Qe7 29. Rc1 {Kasimdzhanov,R (2690)-Topalov,V (2769) Vitoria Gasteiz 2007 ½-½ (46)}) 15. b4 $146 {Hardly a successful attempt to refute Black's last move.} (15. Re1 b5 16. d5 exd5 (16... c4 $5 $13) 17. exd5 Bxd5 18. Bh7+ Kxh7 19. Qxd5 Nf6 20. Qxd8 Bxd8 21. Rxc5 Bb6 22. Rc6 Nd5 $11) ({RR} 15. Bb1 Nf6 16. Qe2 Rc8 17. Rfd1 Qe8 18. d5 exd5 19. exd5 Bxd5 20. Re1 Be6 21. Qxa6 b5 22. Rxe6 fxe6 23. Ne5 g5 24. Qxe6+ Kg7 25. Re1 Ng8 26. Nd7 Bf6 27. Nxf8 Qxf8 28. Qf5 Qd8 29. Bd6 {1-0 (29) Arutinian,D (2566)-Morchiashvili,B (2370) Tbilisi 2010}) ({RR} 15. Bb1 Nf6 16. Qe2 Rc8 17. Rcd1 c4 18. d5 exd5 19. e5 Nh5 20. Nd4 Nxg3 21. hxg3 Bc5 22. f4 b5 23. Kh2 Qb6 24. Nf5 g6 25. Qg4 Qe6 26. Nxh6+ Kg7 27. f5 Qxe5 28. fxg6 f5 29. Rxf5 Rxf5 {Romanishin,O (2570)-Georgiev,K (2590) Leningrad 1987 1-0 (42)}) 15... cxb4 16. Bc7 $6 {White's compensation for the pawn will now be insufficient.} (16. Rc7 $142 Ra7 $1 {[%cal Yd7f6,Yf6e8]} (16... Rb8 $143 17. Qe2 Nf6 18. Rfc1 $44) 17. Bxa6 (17. Qe2 $143 Nf6 18. Be5 Ne8 19. Rc2 Nd6 20. Rfc1 Nb5 $1 $15) 17... Rxa6 18. Rxb7 Rxa2 19. Qb1 Ra8 20. Rc1 $44) 16... Qe8 17. Qe2 b5 18. Ba5 Rc8 19. Qb2 Nf6 {[%mdl 32] This game perfectly illustrates the situation when a "strong pawn centre" is rather weak!} 20. Rxc8 Qxc8 21. Nd2 $2 {After this mistake Black keeps his material advantage but White had no equality after the best} (21. Re1 Qc3 $1 (21... Qa8 $143 22. Nd2) 22. Qxc3 bxc3 23. Bxc3 Rc8 24. Bd2 b4 $15 {[%csl Gb4,Re4]}) 21... Qc3 $1 22. Qxc3 bxc3 23. Bxc3 Rc8 24. Ba5 (24. Bb2 Bb4 25. Rd1 Bxd2 26. Rxd2 Bxe4 $19) (24. Rc1 Bb4 25. Nb1 Bxe4 $19) 24... Bd8 $1 25. Bxd8 (25. Bb4 Bb6 {[%csl Rd4]}) 25... Rxd8 26. Rd1 Rxd4 {and Black gradually brings home his extra pawn:} 27. Nb3 Rd8 28. f3 Kf8 29. Kf2 Nd7 30. Be2 Ke7 31. Na5 Ba8 32. Rc1 Kd6 33. Ke3 Nb6 34. f4 Rc8 35. Rxc8 Nxc8 36. Kd4 Ne7 37. Bf3 Kc7 38. Nb3 Kb6 39. Ke5 $6 {desperation} Ng6+ 40. Kd6 Nxf4 41. Nc5 (41. Ke7 f5 $1 42. exf5 Bxf3 43. gxf3 exf5 $19) 41... b4 42. h4 a5 43. g3 Nh3 44. Nd7+ Ka7 45. Kc5 f5 46. Kb5 fxe4 47. Bh5 e3 48. Kxa5 g6 49. Bg4 h5 50. Be2 Ng1 51. Bf1 e2 52. Bxe2 Nxe2 53. Nf8 Be4 54. Nxe6 Nxg3 55. Nf4 Kb7 56. Kxb4 Kc6 0-1

[Event "Grand Slam Final 1st"]
[Site "Bilbao"]
[Date "2008.09.09"]
[Round "7"]
[White "Carlsen, Magnus"]
[Black "Ivanchuk, Vassily"]
[Result "0-1"]
[WhiteElo "2775"]
[BlackElo "2781"]
[Annotator "Krasenkow,Michal"]
[PlyCount "64"]
[EventDate "2008.09.02"]
[EventType "tourn"]
[EventRounds "10"]
[EventCountry "ESP"]
[EventCategory "21"]
[SourceTitle "CBM 126"]
[Source "ChessBase"]
[SourceDate "2008.10.01"]
[SourceVersion "1"]
[SourceVersionDate "2008.10.01"]
[SourceQuality "1"]

1. d4 {Krasenkow,Michal} Nf6 2. c4 e6 3. Nf3 d5 4. Nc3 Be7 5. Bf4 O-O 6. e3 c5 7. dxc5 Bxc5 8. Qc2 Nc6 9. a3 Qa5 10. O-O-O Be7 11. h4 Rd8 12. Nd2 ({RR} 12. g4) ({RR} 12. cxd5 exd5 13. Ng5 d4 14. Qb3 dxc3 15. Qxf7+ Kh8 16. Rxd8+ Qxd8 17. Bc4 Qd2+ {0-1 (17) Stanojevic,I (2193)-Zou,C (2449) chess.com INT 2024}) 12... a6 $6 {[%cal Yb7b5] An interesting idea but still it appears too slow.} (12... dxc4 {- see CBM 117, annotations to Topalov-Kramnik.} {RR} 13. Bxc4 Ne5 14. Nb3 Qc7 15. Rxd8+ Bxd8 16. Rd1 Bd7) ({RR} 12... dxc4 13. Nxc4 Rxd1+ 14. Qxd1 Qd8 15. Qxd8+ Nxd8 ({RR} 15... Bxd8 16. Be2 Nd5 17. Nxd5 exd5 18. Nd6 Bc7 19. Rd1 Bxd6 20. Bxd6 Be6 21. b4 f6 22. Kb2 Rd8 23. Bc5 b6 24. Bd4 Ne5) 16. Be2 Bd7 17. e4 Bc6 18. f3 Nh5 19. Bc7 Rc8 20. Be5 ({RR} 20. Bd6) 20... Bf6 ({RR} 20... f5 21. exf5 Nf7 22. fxe6 Nxe5 23. Nxe5 Bd5 24. Kb1 Bxe6) 21. Nd6 Ra8 ({RR} 21... Rc7) 22. Bxf6 Nxf6 23. Rd1 Kf8 ({RR} 23... Ne8 24. Nc4 Nc7) 24. Kd2 ({RR} 24. b4) 24... Ne8 25. Nc4 f6 26. Ke3 b6 27. f4 {Topalov,V (2783)-Kramnik,V (2766) Wijk aan Zee 2007 CBM 117 [Krasenkow,Michal] ½-½ (49)}) 13. Be2 $146 {Too passive. Two other moves seen in practice are more logical:} (13. Nb3 $5 Qb6 14. c5 Qa7 15. Bc7 {and Black didn't manage to consolidate his position in the following game:} Rf8 (15... Rd7 $5 16. Bb6 Qb8 {[%cal Ye7d8,Ye6e5]}) 16. Na4 Ne8 17. Bh2 Bd8 18. Bd3 h6 19. g4 e5 20. g5 h5 21. g6 (21. Bh7+ $1 Kh8 22. Bf5 {[%csl Rd5]} Be6 23. Bxe6 fxe6 24. Qg6 $18) 21... f5 22. Be2 Nf6 23. Rhg1 $6 Be6 24. Rg5 $2 Ng4 {0-1 Arnold,J (2320)-Ganaus,H (2340)/Austria 2000/EXT 2001 (53)}) (13. g4 $5 dxc4 (13... b5 14. g5 $1 Nh5 $140 15. cxd5) (13... Nxg4 $5 $13) 14. Nxc4 Rxd1+ 15. Qxd1 Qd8 16. Qxd8+ Bxd8 17. Bg2 e5 (17... Nxg4 18. Rd1 $1 Bxh4 19. Bxc6 bxc6 20. Nb6) 18. Nxe5 Nxe5 19. Bxe5 Nxg4 20. Bg3 $16 {1-0 Nielsen,P (2625)-Glud,J (2486)/Silkeborg 2008/CBM 123 Extra (40)}) ({RR} 13. Nb3 Qb6 14. c5 Qa7 15. Bc7 Rf8 16. Na4 Ne8 17. Bh2 Bd8 18. Bd3 h6 19. g4 e5 20. g5 h5 21. g6 f5 22. Be2 Nf6 23. Rhg1 Be6 24. Rg5 Ng4 25. Bxg4 Bxg5 26. Bxh5 Bf6 27. Be2 Rfe8 {Arnold,J (2321)-Ganaus,H (2344) Austria 2000 0-1 (53)}) ({RR} 13. g4 dxc4 14. Nxc4 Rxd1+ 15. Qxd1 Qd8 16. Qxd8+ Bxd8 17. Bg2 e5 18. Nxe5 Nxe5 19. Bxe5 Nxg4 20. Bg3 Kf8 21. Rd1 Ke8 22. Na4 a5 23. Nc5 Ra7 24. Bf1 Be7 25. Bb5+ Kf8 26. Na4 Be6 27. Nb6 Bc5 {Nielsen,P (2625)-Glud,J (2486) Silkeborg 2008 1-0 (40)}) 13... b5 $1 {[%mdl 128] Black now seizes the initiative.} 14. cxd5 (14. cxb5 axb5 15. Bxb5 (15. Nxb5 e5) 15... Bd7 $40) 14... exd5 15. g4 Be6 16. Nb3 Qb6 17. g5 Ne4 18. Nxe4 dxe4 19. Rxd8+ Nxd8 20. Kb1 Rc8 21. Qd1 Nc6 22. h5 a5 {Black's attack comes first.} 23. g6 $6 (23. h6 $142 a4 24. Nd4 Rd8 (24... Nxd4 25. Qxd4) 25. hxg7 Nxd4 (25... b4 26. axb4 Qxb4 27. Nxc6 Rxd1+ 28. Bxd1 {may be difficult to win}) 26. exd4 Rxd4 27. Qc1 {keeping chances for counterplay.}) 23... a4 24. Nd2 (24. Nd4 Nxd4 25. Qxd4 (25. exd4 Bb3) 25... Qc6 26. Qd2 Rd8 27. Qc2 Qd5 $19) 24... b4 {White's king is helpless.} 25. gxf7+ Bxf7 26. Nc4 Qb7 27. Qxa4 (27. Nd6 Bxd6 28. Qxd6 (28. Bxd6 Rd8 $19) 28... bxa3 29. Qxa3 Nb4 $19) 27... bxa3 28. Nxa3 Bxa3 29. Qxa3 Nb4 30. b3 Nd3 31. Bxd3 exd3 32. Rc1 d2 0-1